| 000 | 00774nam a2200181 i 4500 | ||
|---|---|---|---|
| 001 | bg | ||
| 100 | 1 | _aCHANAS, Stefan | |
| 245 | 0 |
_aWybrane problemy badań operacyjnych z rozmytymi parametrami / _cS.Chanas. |
|
| 260 |
_aWrocław, _c1988. |
||
| 490 | 1 |
_aPrace Naukowe Instytutu Organizacji i Zarządzania Politechniki Wrocławskiej. Monografie = _aScientific Papers of the Institute of Organization and Management Systems of the Technical University of Wrocław. Monographs, _x0324-9492 ; _v8 |
|
| 500 | _aNumeracja ser. gł. : 47. | ||
| 830 | 0 |
_aPrace Naukowe Instytutu Organizacji i Zarządzania Politechniki Wrocławskiej. _pMonografie ; _v8 |
|
| 040 | _cBPK | ||
| 041 | _apol | ||
| 080 | _a519.8:65.012.12 | ||
| 942 | _cKS | ||
| 008 | s pl f |000 0 pol | ||
| 999 |
_c28625 _d28625 |
||
| 856 |
_uhttp://koha.tu.koszalin.pl/cgi-bin/koha/opac-detail.pl?biblionumber=28625 _yKatalog online BPK |
||